00000000nas 2200000zi 4500
0019.956493
003CaOODSP
00520251021085725
006m     o  d f      
007cr |||||||||||
008251020c20109999onc x m #    f0   a0eng|d
040 |aCaOODSP|beng|erda|cCaOODSP
043 |an-cn---
0861 |aD4-15E-PDF
24500|aCFLI monograph.
2463 |aCanadian Forces Leadership Institute monograph
2463 |iSome issues have title : |aCanadian Forces Leadership Institute monograph series
264 1|aKingston, Ontario : |bCanadian Forces Leadership Institute, Canadian Defence Academy, Department of National Defence, |c2010-
310 |aIrregular
336 |atext|btxt|2rdacontent
337 |acomputer|bc|2rdamedia
338 |aonline resource|bcr|2rdacarrier
3621 |aBegan with monograph 2010-01?
588 |aDescription based on: monograph 2010-01.
588 |aLatest issue consulted: monograph 2012-02.
650 0|aLeadership.
650 6|aLeadership.
7101 |aCanada. |bDepartment of National Defence, |eissuing body.
7102 |aCanadian Defence Academy, |eissuing body.
7102 |aCanadian Forces Leadership Institute, |eissuing body.